Fußball: Vereinsfarben zuordnen - Statistiken

Allgemein
  • Dieses Quiz wurde 819 mal gespielt
  • Das Durchschnittsergebnis liegt bei 21 aus 24
Antwortstatistiken
Hint Antwort % Korrekt
Borussia Dortmund
96%
Werder Bremen
96%
VfL Wolfsburg
95%
Spvgg. Greuther Fürth
95%
Hertha BSC
95%
Juventus Turin
94%
Fortuna Düsseldorf
94%
VfL Bochum
94%
Arsenal
93%
AS Monaco
93%
Karlsruher SC
90%
Alemannia Aachen
89%
Celtic Glasgow
89%
VfB Stuttgart
89%
Dynamo Dresden
88%
Leicester City
87%
Ajax Amsterdam
86%
SSV Ulm
85%
FC Sevilla
83%
Newcastle United
78%
Beşiktaş Istanbul
73%
Glasgow Rangers
66%
Rapid Wien
62%
AEK Athen
60%
Keine übereinstimmenden Quizze gefunden
Verteilung der Resultate
Anzahl Personen mit jedem Resultat
Perzentil nach korrekt beantworteten Fragen
Ihre Resultats-Entwicklung
Sie haben dieses Quiz noch nicht gespielt